The first 30 years: (Record no. 14139)

000 -LEADER
fixed length control field 00736nam a2200217 a 4500
001 - CONTROL NUMBER
control field :::00011963$&:&@@
003 - CONTROL NUMBER IDENTIFIER
control field OkBaRHE
005 - DATE AND TIME OF LATEST TRANSACTION
control field 20100402121053.0
008 - FIXED-LENGTH DATA ELEMENTS--GENERAL INFORMATION
fixed length control field s1997 j 000 0 eng u
040 ## - CATALOGING SOURCE
Transcribing agency
100 1# - MAIN ENTRY--PERSONAL NAME
Personal name Kenneth Copeland Publications.
245 14 - TITLE STATEMENT
Title The first 30 years:
Remainder of title a journey of faith.
260 ## - PUBLICATION, DISTRIBUTION, ETC. (IMPRINT)
Place of publication, distribution, etc Fort Worth, TX., :
Name of publisher, distributor, etc Kenneth Copeland Publications
Date of publication, distribution, etc 1997
300 ## - PHYSICAL DESCRIPTION
Extent 203 p. ;
Dimensions 25 cm.
650 ## - SUBJECT ADDED ENTRY--TOPICAL TERM
Topical term or geographic name as entry element Copeland, Gloria
650 ## - SUBJECT ADDED ENTRY--TOPICAL TERM
Topical term or geographic name as entry element Copeland, Kenneth, 1937-
650 ## - SUBJECT ADDED ENTRY--TOPICAL TERM
Topical term or geographic name as entry element Kenneth Copeland Ministries
650 ## - SUBJECT ADDED ENTRY--TOPICAL TERM
Topical term or geographic name as entry element Pentecostal
General subdivision United States
-- Biographies
942 ## - ADDED ENTRY ELEMENTS (KOHA)
Source of classification or shelving scheme
Koha item type Books
Copies
Permanent Location Shelving location Damaged status Barcode Date acquired Source of classification or shelving scheme Full call number Date last seen Price effective from Koha item type Not for loan Lost status Copy number Withdrawn status
RHEMA Bible Training CollegeGeneral Stacks 119632010-04-14 BX 8762 .Z8 C67 19972010-04-142010-04-14Books  1